Кюстендил (Запис номер 398507)
[ съкратено ]
| 000 -Лидер | |
|---|---|
| Контролно поле с фиксирана дължина | nkm a22 a 4500 |
| 003 - Код на организацията, давaща контролен номер | |
| Контролно поле | BLK |
| 005 - Дата и час на последна редакция | |
| Контролно поле | 20210216084338.0 |
| 008 - Елементи от данни с фиксирана дължина | |
| fixed length control field | 210215b bu ||||| |||| 00| 0 bu d |
| 040 ## - Източник на каталожния запис | |
| Идентификатор на билиотеката - собственик на записа | BLK |
| 041 ## - Код за език | |
| Код за езика на текст/звукозапис или на отделно заглавие | Български |
| -- | Руски |
| Код за езика КДБФ | Български |
| 080 ## - УДК | |
| Текстов определител УДК | География на България 913(497.2) |
| УДК код - определител по УДК | 913(497.2) |
| УДК - код + определител | 913(497.2) |
| 139 ## - Редно поле | |
| Редна дума | Кюстендил |
| 245 ## - Сведения за заглавието | |
| Заглавие | Кюстендил |
| Подзаглавни данни | [Изобразителен материал] : [албум] |
| Редно поле (дума) | състав. Гале Христов ; снимки Любомир Чаръкчиев ; текст Георги Струмски ; ред. Панчо Смоленов, Антоанета Рангелова |
| 257 ## - Страна на издаване | |
| Страна на създаване/издаване | България |
| 260 ## - Област на издателските данни | |
| Място на издаване, разпространение и проч. | София |
| Име на издателя, разпространителя и проч. | София-прес |
| Година на издаване | 1983 |
| 9 (RLIN) | 210942 |
| 300 ## - Физическа характеристика | |
| Страници | 1 албум (168 с.) |
| Илюстрации и др. | с ил., репрод. |
| Размери/Мащаб | 28 см |
| 380 ## - Жанр | |
| Жанр | География |
| 500 ## - Общи забележки | |
| Забележка | Георги Струмски - псевд. на Георги Асенов Йорданов. - Парал. текст на рус. ез. / прев. Спас Николов. - Офс. изд. - <br/>1 000 тир. |
| 651 #7 - Допълнително описание по предмет - топоним | |
| 9 (RLIN) | 179115 |
| Географско понятие | Кюстендил |
| 653 #7 - Ключова дума – ненормативна | |
| Ключова дума | социография |
| 9 (RLIN) | 197063 |
| 653 #0 - Ключова дума – ненормативна | |
| Ключова дума | снимкови албуми |
| 9 (RLIN) | 401783 |
| 653 #7 - Ключова дума – ненормативна | |
| Ключова дума | археологически паметници |
| 9 (RLIN) | 181345 |
| 653 #7 - Ключова дума – ненормативна | |
| Ключова дума | промишленост |
| 9 (RLIN) | 194725 |
| 653 #7 - Ключова дума – ненормативна | |
| Ключова дума | архитектура |
| 9 (RLIN) | 181364 |
| 653 #7 - Ключова дума – ненормативна | |
| Ключова дума | спорт |
| 9 (RLIN) | 197146 |
| 653 #7 - Ключова дума – ненормативна | |
| Ключова дума | туризъм |
| 9 (RLIN) | 198777 |
| 653 #7 - Ключова дума – ненормативна | |
| Ключова дума | селско стопанство |
| 9 (RLIN) | 196408 |
| 852 ## - Местоположение | |
| Форматна сигнатура | Цб II 26803 |
| Фондова буква | Хранилище |
| 999 ## - СИСТЕМНИ КОНТРОЛНИ НОМЕРА | |
| Koha biblionumber | 398507 |
| Koha biblioitemnumber | 398507 |
| 942 ## - АРТИКУЛИ | |
| Вид на библиотечния материал | Графични издания |
| Скрит в OPAC | Не |
| Периодичен библиозапис | Да |
| 944 ## - СЪЗДАВАНЕ И РЕДАКЦИЯ на ЗАПИСА | |
| Създаване/Редакция | Създаване |
| Дата на регистрацията/редакция | 2021-02-15 |
| 999 ## - СИСТЕМНИ КОНТРОЛНИ НОМЕРА | |
| Koha biblioitemnumber | 398507 |
| 999 ## - СИСТЕМНИ КОНТРОЛНИ НОМЕРА | |
| Koha biblioitemnumber | 398507 |
| Код за отписване | Код за изгубен артикул | Източник на класификационната схема | Код за повреда | Коз за рестрикции | Код за отдаване | Артикулен № | Име на библиотеката - собственик | Име на библиотеката, в която се намира в момента | Статус (Текущо местоположение) | Дата на вписване в системата | Местоположение - отдел | Цена в лева | Инвентарен номер | Систематично азбучна сигнатура | Баркод | Цена в евро | Служебен тип на артикула |
|---|---|---|---|---|---|---|---|---|---|---|---|---|---|---|---|---|---|
| Не е изгубен | Universal Decimal Classification | Не е повреден | само за читалня | ползва се в читалня | 812105 | Регионална библиотека "Любен Каравелов" Русе | Регионална библиотека "Любен Каравелов" Русе | Хранилище | 2021-02-16 | Хранилище | 9.00 | 415296 | Цб II 26803 | 120000415296 | 4.60 | Графични издания |